100 Biggest Cities in California on a Map - Statistics

General Stats
  • This quiz has been taken 2,867 times
  • The average score is 57 of 100
Answers on the Map
Answers color-coded by a green-red scale on the quiz's map according to % correct below.
 
Answer Stats
Population Cities % Correct
3,898,747 Los Angeles
99%
1,386,932 San Diego
98%
873,965 San Francisco
98%
524,943 Sacramento
97%
1,013,240 San Jose
97%
542,107 Fresno
93%
440,646 Oakland
93%
403,455 Bakersfield
92%
346,824 Anaheim
88%
466,742 Long Beach
88%
314,998 Riverside
86%
222,101 San Bernardino
85%
320,804 Stockton
85%
307,670 Irvine
80%
310,227 Santa Ana
80%
88,665 Santa Barbara
80%
275,487 Chula Vista
79%
218,464 Modesto
77%
127,647 Santa Clara
74%
228,673 Santa Clarita
74%
124,321 Berkeley
73%
138,699 Pasadena
73%
230,504 Fremont
72%
202,063 Oxnard
72%
178,127 Santa Rosa
72%
93,076 Santa Monica
71%
93,611 Redding
70%
198,711 Huntington Beach
68%
139,911 Orange
66%
101,475 Chico
62%
196,543 Glendale
62%
173,516 Lancaster
62%
174,068 Oceanside
62%
95,740 Compton
61%
175,265 Ontario
61%
107,337 Burbank
60%
110,763 San Buenaventura (Ventura)
60%
126,966 Thousand Oaks
60%
169,450 Palmdale
59%
163,542 Salinas
59%
105,661 San Mateo
59%
109,707 Santa Maria
59%
174,453 Rancho Cucamonga
58%
104,901 Daly City
57%
176,124 Elk Grove
57%
208,393 Fontana
56%
107,762 Inglewood
56%
208,634 Moreno Valley
56%
147,067 Torrance
56%
126,090 Vallejo
56%
151,713 Pomona
55%
141,384 Visalia
55%
157,136 Corona
54%
114,746 Carlsbad
52%
151,038 Escondido
52%
162,954 Hayward
52%
125,410 Concord
51%
143,617 Fullerton
51%
147,773 Roseville
51%
155,805 Sunnyvale
51%
86,333 Merced
50%
134,810 Victorville
50%
171,949 Garden Grove
49%
116,448 Richmond
49%
126,356 Simi Valley
49%
110,003 Temecula
48%
115,291 Antioch
46%
102,386 Vacaville
46%
91,403 Chino
44%
120,124 Clovis
44%
106,215 El Cajon
44%
89,137 Indio
44%
114,355 Downey
43%
119,881 Fairfield
43%
85,239 Newport Beach
42%
109,501 West Covina
42%
110,949 Murrieta
41%
111,918 Costa Mesa
39%
105,053 Jurupa Valley
39%
93,653 Mission Viejo
39%
109,450 El Monte
38%
99,818 Hesperia
38%
104,026 Rialto
37%
102,773 Norwalk
36%
93,000 Tracy
36%
87,955 Livermore
34%
102,527 Menifee
34%
91,008 San Leandro
34%
98,381 Vista
34%
95,558 Carson
33%
87,306 Whittier
33%
118,786 East Los Angeles
30%
89,833 Hemet
30%
94,833 San Marcos
30%
87,583 Citrus Heights
29%
88,083 Hawthorne
28%
90,911 Westminster
28%
92,726 South Gate
22%
85,858 Lake Forest
21%
94,659 Arden-Arcade
17%
No matching quizzes found
Score Distribution
Percent of People with Each Score
Percentile by Number Answered
Your Score History
You have not taken this quiz